2021 Home Run Derby Participants Quiz - Statistics

General Stats
  • This quiz has been taken 87 times
  • The average score is 6 of 8
Answer Stats
Seed Player Team % Correct
1 Shohei Ohtani Los Angeles Angels
99%
5 Pete Alonso New York Mets
97%
8 Juan Soto Washington Nationals
90%
4 Salvador Perez Kansas City Royals
90%
3 Matt Olson Oakland Athletics
77%
7 Trevor Story Colorado Rockies
70%
2 Joey Gallo Texas Rangers
61%
6 Trey Mancini Baltimore Orioles
61%
No matching quizzes found
Score Distribution
Percent of People with Each Score
Percentile by Number Answered
Your Score History
You have not taken this quiz